La marcha del desarrollo
Gespeichert in:
| Format: | Text |
|---|---|
| Schlagworte: | |
| Tags: |
Tag hinzufügen
Keine Tags, Fügen Sie den ersten Tag hinzu!
|
MARC
| LEADER | 00000 a a2200000 04500 | ||
|---|---|---|---|
| 001 | 41636 | ||
| 003 | |||
| 040 | |||
| 245 | |a La marcha del desarrollo | ||
| 650 | |a SECTOR INFORMAL | ||
| 650 | |a ORGANIZACIONES NO GUBERNAMENTALES | ||
| 650 | |a POBREZA | ||
| 650 | |a DONACIONES | ||
| 773 | |g volumen11, número1 ( , 1987), páginas 39-41 | ||
| 999 | |c 27910 |d 27910 | ||
